000 00993nam a2200301 i 4500
003 EG-GICUC
005 20260416134051.0
008 260416s1934 -usao||fr|||| 001 0 eng d
020 _a
040 _aEG-GiCUC
_beng
_cEG-GiCUC
_dEG-GiCUC
_erda
041 0 _aeng
082 0 4 _221
_a341.23
_bSC . S
092 0 4 _221
099 _a Law1 11 341.23 SC . S 1934
100 1 _aScott, James Brown
_eAuthor.
245 1 0 _aThe Spanish Origin Of International Law :
_bFrancisco De Vitoria And His Law Of Nations /
_cBy James Brown Scott.
264 1 _aOxford :
_bThe Clarendon Press,
_c1934.
300 _avarious pagings,
_c24 cm
336 _2rda content
_atext
337 _2rda media
_aComputer
338 _2rda carrier
_aOnline Resource
504 _aIncludes bibliographical references and index.
546 _aText in English
650 0 4 _aPublic international law
856 4 0 _uhttps://fll.law.cu.edu.eg/fulltext/bks/B11-09936.pdf
905 _a48
942 _2ddc
_cBK
_e21
_n0
999 _c71465
_d71465